| 000 | 00855cam a22003137 4500 | ||
|---|---|---|---|
| 001 | 4645001 | ||
| 003 | DO-SdBNP | ||
| 005 | 20180223133439.0 | ||
| 007 | 4645001 | ||
| 008 | 091204s2009 sp a | |||| 000 1 spa | ||
| 015 | _a | ||
| 017 |
_a _b |
||
| 020 | _a9788408087526 | ||
| 035 | _a | ||
| 040 |
_aBPMSU _bspa _cBPMSU _e |
||
| 080 | _a | ||
| 082 | 4 |
_axxx _bxxxx |
|
| 100 | 1 |
_aLienas, Gemma _d1951- |
|
| 245 | 1 | 0 |
_aCarlota y el misterio del pasadizo secreto / _h _cGemma Lienas ; ilustraciones de Jokin Mitxelena |
| 250 | _a | ||
| 260 |
_aBarcelona : _bDestino, _c2009. |
||
| 300 |
_a126 p.: _bil.; _c20 cm |
||
| 490 | 0 |
_aLa tribu de Camelot _v2 |
|
| 700 | 1 |
_aMitxelena, Jokin _d1962- _eil. |
|
| 830 |
_aLa tribu de Camelot _v2 |
||
| 942 |
_2ddc _cBK |
||
| 945 | _aInventariado, 2018/ YL | ||
| 956 |
_aVMATEO _210 _320160407 _6BPMSU _80069 |
||
| 999 |
_c9637 _d9637 |
||